000
00267nam a2200097Ia 4500
082
_a
658.301 MANK
245
0
_a
Human resource development
100
_a
Mankin, David, , 1955- New York, 2009
_9
79142
942
_c
BK
008
210817s9999 xx 000 0 und d
999
_c
392925
_d
392924